100 Northernmost Countries in the World - Statistics

General Stats
  • This quiz has been taken 789 times
  • The average score is 84 of 100
Answer Stats
Hint Answer % Correct
Cape Columbia, Ellesmere Island, Nunavut Canada
99%
Cape Fligeli, Rudolf Island, Arkhangelsk Oblast Russia
99%
Point Barrow, Alaska USA
99%
Rossøya, Svalbard Norway
98%
Treriksröset, Kiruna, Lapland Sweden
98%
Out Stack, Shetland Islands UK
98%
Nuorgam, Utsjoki, Lapland Finland
97%
Kolbeinsey, Eyjafjarðarsýsla Iceland
96%
Grenen, Skagen, North Jutland Denmark
95%
List, Sylt, Schleswig-Holstein Germany
95%
on the Amur River China
94%
Inishtrahull Island, County Donegal Ireland
94%
Cape Soya, Hokkaidō Japan
94%
Border with Russia Mongolia
94%
Punta de Estaca de Bares, Galicia Spain
94%
Vaindloo island, Lääne-Viru County Estonia
93%
Bray-Dunes, Nord France
93%
Ipiķi parish Latvia
93%
Cape Rozewie, Pomorskie Poland
93%
Rumbos Lithuania
92%
Kuok-tong North Korea
92%
Gremac Ukraine
92%
Neumühlbach, Lower Austria Austria
91%
Dreef, Antwerp Belgium
91%
North of Kukh, West Azarbaijan Region Iran
91%
Monumento 206 in Los Algodones, Baja California Mexico
91%
Rottumerplaat, Groningen Netherlands
91%
Cape İnceburun, by Sinop Turkey
91%
Cevide, Cristoval, Melgaço Portugal
90%
North of Songdojin-ni South Korea
90%
Proshki Belarus
89%
North of Sanat Iraq
89%
Zwillingsköpfl, South Tyrol Italy
89%
Beskydok Slovakia
89%
Budinci Slovenia
89%
Sidi Barrani Egypt
88%
border with Slovakia, near Nagy-Milic Hungary
88%
Siachen Glacier India
88%
Bargen, Canton of Schaffhausen Switzerland
88%
Ormenio, Evros prefecture Greece
87%
Gouvy Luxembourg
87%
Horodiştea, Botoşani Romania
87%
Hajdukovo Serbia
87%
Zabnik, Sveti Martin na Muri, Međimurje county Croatia
86%
Severni Czech Republic
86%
Kilik Pass Pakistan
86%
North of Arychagyl Turkmenistan
86%
Uzbekistan
86%
10 km north of Qiryat Shemona, or Mount Hermon Israel
85%
Border with Russia Kazakhstan
85%
Cape Spartel Morocco
85%
Cap Bougaroûn, Skikda Algeria
84%
Timok Mouth, Vidin Province Bulgaria
84%
Tigris south of Cizre Syria
84%
Pic du Port Andorra
83%
Border with Serbia Kosovo
83%
Jabal Anaiza Saudi Arabia
83%
Naslavcea Moldova
82%
Falciano, Serravalle San Marino
82%
North of Punuk Tajikistan
82%
South of Aibga Georgia
81%
Tripoint with Syria and Iraq Jordan
81%
Lapche Pass Nepal
81%
South of Qal'Aikhum Afghanistan
80%
West of Kuti Albania
80%
Mamai Armenia
80%
Ras Ajdir Libya
80%
Mocevici, Pljevlja municipality Montenegro
80%
Ra's al Abyad Tunisia
80%
Azerbaijan
79%
Ruggell Liechtenstein
79%
Avenue Varavilla Monaco
79%
North of An Nasiriyah Lebanon
78%
Xwieni Bay, Marsalforn Żebbuġ, Gozo Malta
78%
Cape Apostolos Andreas Cyprus
77%
Boskovci Macedonia
77%
North of Lunana Bhutan
76%
Ban Lengsuchai Cuba
76%
Corner of Viale Vaticano and Via Leone IV Vatican City
76%
Mae Sai Thailand
75%
Lung Cu Vietnam
75%
Border with Iraq Kuwait
74%
Ras Rakhan Qatar
74%
Dongyin, Matsu Islands Taiwan
74%
West of Chashawfi UAE
74%
Kyrgyzstan
73%
Cayo Cruz del Padre Laos
72%
As Salamah Oman
72%
Walker's Cay, Abaco Islands Bahamas
70%
Watershed of the Irrawady Myanmar
70%
Wadi Halfa Sudan
70%
Border with Mauritania Mali
69%
Muharraq Island Bahrain
68%
Tibesti Massif Chad
68%
Tetulia, Panchgar Bangladesh
66%
Tripoint with Algeria and Western Sahara Mauritania
66%
Pointe Tete de Chien Haiti
65%
Tripoint with Algeria and Libya Niger
64%
East of Jasenovac Bosnia and Herzegovina
63%
Mavudis (Yami) Island, Batan Islands Philippines
58%
No matching quizzes found
Score Distribution
Percent of People with Each Score
Percentile by Number Answered
Your Score History
You have not taken this quiz